Dokumentární akreditiv v praxi
Saved in:
| Main Author: | |
|---|---|
| Format: | Book |
| Language: | Czech |
| Published: |
Praha
GRADA Publishing
2003
|
| Edition: | 3. aktualiz. vyd. |
| Series: | Finanční trhy a instituce
|
| Subjects: | |
| Tags: |
No Tags, Be the first to tag this record!
|
MARC
| LEADER | 00000nam a2200000 4500 | ||
|---|---|---|---|
| 001 | 0008056 | ||
| 005 | 20240313132832.8 | ||
| 020 | |a 80-247-0771-3 | ||
| 041 | 0 | |a cze | |
| 044 | |a CZ | ||
| 245 | 1 | 0 | |a Dokumentární akreditiv v praxi |c Pavel Andrle |
| 250 | |a 3. aktualiz. vyd. | ||
| 264 | 1 | |a Praha |b GRADA Publishing |c 2003 | |
| 300 | |a 142 s. | ||
| 490 | 1 | |a Finanční trhy a instituce | |
| 830 | 0 | |a Finanční trhy a instituce | |
| 610 | 2 | 0 | |a akreditív dokumentárny |
| 610 | 2 | 0 | |a obchod zahraničný |
| 610 | 2 | 0 | |a výmena tovarová |
| 610 | 2 | 0 | |a operácie obchodné |
| 610 | 2 | 0 | |a nástroje finančné |
| 610 | 2 | 0 | |a vývoz |
| 610 | 2 | 0 | |a dovoz |
| 610 | 2 | 0 | |a banky |
| 610 | 2 | 0 | |a dokumenty |
| 610 | 2 | 0 | |a obchod medzinárodný |
| 100 | 1 | |a Andrle, Pavel | |